Controlled Drug Delivery (Record no. 8580)
[ view plain ]
| 000 -LEADER | |
|---|---|
| fixed length control field | 00452nam a22001337a 4500 |
| 008 - FIXED-LENGTH DATA ELEMENTS--GENERAL INFORMATION | |
| fixed length control field | 200319b ||||| |||| 00| 0 eng d |
| 020 ## - INTERNATIONAL STANDARD BOOK NUMBER | |
| International Standard Book Number | 9788185731742 |
| 100 ## - MAIN ENTRY--PERSONAL NAME | |
| Personal name | Khar, Roop K. & Vyas, Suresh P |
| 245 ## - TITLE STATEMENT | |
| Title | Controlled Drug Delivery |
| Remainder of title | Concepts And Advances |
| 250 ## - EDITION STATEMENT | |
| Edition statement | 2nd/e Reprint 2019 |
| 260 ## - PUBLICATION, DISTRIBUTION, ETC. (IMPRINT) | |
| Place of publication, distribution, etc | New Delhi |
| Name of publisher, distributor, etc | Vallabh Prakashan |
| 650 ## - SUBJECT ADDED ENTRY--TOPICAL TERM | |
| Topical term or geographic name as entry element | Pharmaceutics- Drug Delivery Systems,Pharmaceutical Engineering regulraty Science |
| 942 ## - ADDED ENTRY ELEMENTS (KOHA) | |
| Source of classification or shelving scheme | Dewey Decimal Classification |
| Koha item type | Text Books |
| Withdrawn status | Lost status | Source of classification or shelving scheme | Damaged status | Not for loan | Collection code | Home library | Current library | Date acquired | Source of acquisition | Currency | Cost, normal purchase price | Bill Number | Total Checkouts | Full call number | Acc. no. / Barcode | Checked out | Date last seen | Date last borrowed | Copy number | Actual Cost, discounted price | Bill Date | Koha item type |
|---|---|---|---|---|---|---|---|---|---|---|---|---|---|---|---|---|---|---|---|---|---|---|
| Dewey Decimal Classification | B.Pharma | PIET C-LIBRARY | PIET C-LIBRARY | 07/01/2020 | Kirti Prakashan | IN Rupees | 840.00 | IN5980 | 3 | 615.6 VYC | BP274 | 16/09/2026 | 28/02/2026 | 28/02/2026 | 1 | 680.00 | 07/01/2020 | Text Books | ||||
| Dewey Decimal Classification | B.Pharma | PIET C-LIBRARY | PIET C-LIBRARY | 07/01/2020 | Kirti Prakashan | IN Rupees | 840.00 | IN5980 | 1 | 615.6 VYC | BP275 | 04/07/2024 | 03/04/2024 | 2 | 680.00 | 07/01/2020 | Text Books | |||||
| Dewey Decimal Classification | B.Pharma | PIET C-LIBRARY | PIET C-LIBRARY | 28/03/2024 | ZAFAA BOOKS | RUPEES | 800.00 | ZBDO406 | 615.6 VYC | BP2398 | 28/03/2024 | 640.00 | 07/03/2024 | Text Books | ||||||||
| Dewey Decimal Classification | B.Pharma | PIET C-LIBRARY | PIET C-LIBRARY | 28/03/2024 | ZAFAA BOOKS | RUPEES | 800.00 | ZBDO406 | 615.6 VYC | BP2399 | 28/03/2024 | 640.00 | 07/03/2024 | Text Books |